LEADER 00458nus0 2200181 i 450 001 RAV0072987 005 20251003044321.0 100 $a19960705a19..9999||||0itac50 ba 102 $ait 110 $abzu|||||||| 200 1 $aCollana di studi storici 210 $aRoma$cEdiesse. 801 3$aIT$bIT-000000$c19960705 850 $aIT-NA0120 912 $aRAV0072987 977 $a 01$a CR$a CS 996 $aCOLLANA di studi storici$9617124 997 $aUNISANNIO